| 000 | 01009cam a22003254a 4500 | ||
|---|---|---|---|
| 001 | 14327473 | ||
| 005 | 20180201085541.0 | ||
| 008 | 060331s2006 dcua b 001 0 eng | ||
| 010 | _a 2006010968 | ||
| 016 | 7 |
_a101273106 _2DNLM |
|
| 020 | _a1585622230 (alk. paper) | ||
| 020 | _a1585622729 (pbk. : alk. paper) | ||
| 020 | _a9781585622238 | ||
| 035 | _a(OCoLC)ocm65617533 | ||
| 035 | _a(OCoLC)65617533 | ||
| 040 |
_aDNLM/DLC _cDLC _dNLM _dBAKER _dC#P _dYDXCP _dOCLCQ _dDLC |
||
| 041 | _aeng | ||
| 042 | _apcc | ||
| 060 | 0 | 0 | _a2006 J-485 |
| 060 | 1 | 0 |
_aWM 100 _bA557i 2006 |
| 080 | _a616.89 AND | ||
| 082 | 0 | 0 |
_a616.89 AND _222 |
| 100 | 1 | _a3 | |
| 101 | _aSHM | ||
| 245 | 1 | 0 |
_aIntroductory textbook of psychiatry / _cNancy C. Andreasen, Donald W. Black. |
| 504 | _aIncludes bibliographical references (p. 523-555) and index. | ||
| 906 |
_a7 _bcbc _corignew _d1 _eecip _f20 _gy-gencatlg |
||
| 942 |
_2ddc _cBK |
||
| 999 |
_c41553 _d41553 |
||